Horas de España / (Record no. 51246)

MARC details
000 -LEADER
campo de control de longitud fija 00503nam a2200157 i 4500
001 - NÚMERO DE CONTROL
campo de control 51246
003 - IDENTIFICADOR DE NÚMERO DE CONTROL
campo de control ES-MaACL
007 - CAMPO FIJO DE DESCRIPCIÓN FÍSICA--INFORMACIÓN GENERAL
campo de control de longitud fija t|
008 - DATOS DE LONGITUD FIJA--INFORMACIÓN GENERAL
campo de control de longitud fija 030812s1953 ae ||||1| fre d
100 1# - ENTRADA PRINCIPAL--NOMBRE DE PERSONA
Nombre de persona Charlier, Inés María de los Angeles.
9 (RLIN) 38087
245 10 - MENCIÓN DEL TÍTULO
Título Horas de España /
Mención de responsabilidad, etc. Inés María de los Angeles Charlier ; dibujos de Arias Crespo.
260 ## - PUBLICACIÓN, DISTRIBUCIÓN, ETC.
Lugar de publicación, distribución, etc. Argel :
Nombre del editor, distribuidor, etc. [s.n.,
Fecha de publicación, distribución, etc. 1953] (
Lugar de fabricación/manufactura Madrid :
Fabricante Bachende)
300 ## - DESCRIPCIÓN FÍSICA
Extensión 87 p. ;
Dimensiones 21 cm.
700 1# - ENTRADA AGREGADA--NOMBRE PERSONAL
Nombre de persona Arias Crespo.
9 (RLIN) 22768
852 ## - LOCALIZACIÓN
Ubicación ES-MaACL
Número de control de estantería C-5768
Sublocalización o colección R.34697
Holdings
Estatus retirado Estado de pérdida Estado de daño No para préstamo Biblioteca de origen Biblioteca actual Ubicación en estantería Fecha de adquisición Fuente de adquisición Total de préstamos Signatura topográfica completa Código de barras Visto por última vez Precio de reemplazo Tipo de ítem Koha
        Biblioteca del Ateneo de Madrid Biblioteca del Ateneo de Madrid Sala Palomar 17/01/2008     C-5768 1053899 23/02/2023 23/02/2023 Libro impreso